| 000 | 00000nam##2200000za#4500 |
| 001 | 9.575761 |
| 003 | CaOODSP |
| 005 | 20210624184822 |
| 007 | cr ||||||||||| |
| 008 | 150406|2009||||xxc|||||o f|0| 0 eng|d |
| 040 | |aCaOODSP|beng |
| 043 | |an-cn--- |
| 086 | 1 |aTU3-5/09-29E-PDF |
| 110 | 2 |aTransportation Safety Board of Canada. |
| 245 | 10|aControlled flight into terrain - Tracks & Wheels Equipment Brokers Inc. Piper PA-28R-180, C-FURX South River, Ontario, 22 sm E, 10 October 2009 |h[electronic resource] |
| 260 | |aGatineau - Quebec : |bTransportation Safety Board of Canada |c[2009]. |
| 300 | |a13p.|bcoloured illus., fig. |
| 490 | 1 |aAviation investigation report |vA09O0217 |
| 590 | |a13-06-Supp|b2013-03-19 |
| 775 | 08|tImpact sans perte de contrôle du Piper PA-28R-180 C-FURX exploité par Tracks & Wheels Equipment Brokers Inc. à 22 sm à l'est de South River (Ontario), le 10 octobre 2009 |w(CaOODSP)9.605203 |
| 830 | #0|aAviation investigation report ;|vA09O0217|w(CaOODSP)9.504825 |
| 856 | 40|ahttp://publications.gc.ca|qPDF|s772 KB|uhttps://publications.gc.ca/collections/collection_2013/bst-tsb/TU3-5-09-29-eng.pdf|yA09O0217 |